000 00862nam a2200301 a 4500
001 vtls000311475
003 NLI
005 20210602135947.0
008 101203n ii 000 0beng
020 _cRs. 1.50
039 9 _y201012032121
_zVLOAD
040 _aNLI
_beng
_cRetro_DSC 1
_eAACR2
041 0 _aeng
044 _aii
082 0 4 _a92
100 1 _aChandrakant, Kamala
_9485426
245 1 0 _aMirabai /
_cKamala Chandrakant ; edited by Anant Pai
260 _aBombay :
_bIBH Pub.,
_c[n.d.]
300 _aVarious pagings ;
_c24 cm.
600 0 0 _aMirabai,
_dfl. 1516-1546
_9274430
650 0 _aPoets, Hindi
_zIndia
_xBiography
_9198044
700 1 _aPai, Anant,
_4edt
_9190297
887 _a
901 _aDB23186
_b14.05.1973
902 _aJE/O 92 M 67
949 _AVIRTUAITEM
_D10000
_X100
_6DBA000023186ENG
942 _2ddc
_cBKS
999 _aVIRTUA40
_c272000
_d272000